1117 1706 1846 1028 1183 1053 1494 1906 1084 1229 1684 1903 1749 1099 1781 1993 1037 1892 1667 1579 1607 1701 1125 1671 1910 1462 1302 1076 1568 1148 1181 1246 1841 1101 1057 1357 1312 1766 1665 1648 1337 1168 1474 1690 1421 1390 1980 1820 1775 1327 1602 1497 1743 1352 1699 1982 1109 1675 1395 1625 1204 1417 1652 1003 1158 1258 1015 1674 1017 1165 1025 1752 1297 1719 1792 1507 1359 1179 1162 1437 1514 1081 1451 1288 1782 1183 1600 1942 1361 1589 1003 1149 1021 1374 1512 1505 1507 1556 1341 BCNSPRNW ULIB Ver.6.0+V

เปลี่ยนเป็นภาษาไทย

Change to English
 แสดงรายละเอียดบรรณานุกรม
  กลับหน้าหลัก

Brief Record : Get Marc (ISO 2709) : E-mail record : QR code < ปิดหน้าต่าง
LEADER : 00000nam 2200000uu 4500
001    13399126209
003     ULIB
008    180726s2017||||th 000 0 tha d
020    ^a9781496362247
060    ^aQV4^bK18F
100    ^aAmy M. Karch.
245    ^aFocus on Nursing Pharmacology
250    ^a7th ed
260    ^aPhiladelphia :^bWolters Kluwer,^c2017
300    ^a1106 pages;^b30 cm
650    ^aPharmaceutical Preparations
650  0 ^aDrug Therapy
945    ^p0^l0^i26426
999    ^aกัณชพร จุลอักษร
รายการนี้ยังไม่มีแท็ก
คุณยังไม่ได้ล็อกอิน คุณสามารถมีกิจกรรมร่วมกับเว็บไซต์ได้ แต่ต้องล็อกอินก่อน ::
  ล็อกอิน

รายการสื่อสารสนเทศ

ลำดับที่ ประเภท เลขเรียก/บาร์โค้ด สถานที่ สถานะ
1. วิทยาศาสตร์การแพทย์ และสุขภาพ
วิทยาศาสตร์การแพทย์ และสุขภาพ
QV4 K18F ฉ.1 
  Barcode: 26426
ห้องสมุดวิทยาเขตนครสวรรค์
►หนังสือทั่วไป:l:General Books
บนชั้น

รายการใกล้เคียง
    ชื่อเรื่อง [Focus on Nursing Pharmacology]

    ผู้แต่ง [Amy M. Karch.]

    หัวเรื่อง [Pharmaceutical Preparations]
    หัวเรื่อง [Drug Therapy]

BibComment


ยังไม่เคยถูกคอมเมนท์

คอมเมนท์ทรัพยากรรายการนี้
  คอมเมนท์: Focus on Nursing..


 Copyright 2026. Bcnsprnw @Library